000 00331nam a2200121Ia 4500
008 240731s9999 xx 000 0 und d
022 _a1532-706X
245 0 _aIdentity : An International Journal of Theory and Research
260 _bRoutledge
856 _uhttps://www.tandfonline.com/loi/hidn20
942 _2ddc
942 _cTFEJ
999 _c76922
_d76922
945 _a1
_bMadushi Gamage
_c1
_dMadushi Gamage